| 000 | 00514nam a2200145 a 4500 | ||
|---|---|---|---|
| 008 | 120416s0000 ||||||||||||||||| || u | ||
| 020 | _a0070448434 | ||
| 050 | _aTK 7888.3 Mac | ||
| 100 | _aMcCluskey, E. J | ||
| 245 | 1 | 0 | _aIntroduction to the theory of switching circuits |
| 260 |
_aNew York _bMcGraw-Hill _c1965 |
||
| 300 | _axv, 318p. | ||
| 350 | _a0.00 | ||
| 995 |
_D0.00 _FCBU-MAIN LIBRARY (Kitwe) _H1 _I34.96 _UAVAILABLE _ZAnnex Low-Usage Collection |
||
| 999 |
_c48068 _d48068 |
||